Największe miasta w Opolskim na każdą literę - Statystyki

Ogólne statystyki
  • Ten quiz został rozwiązany 49 razy
    35 od ostatniego zresetowania
  • Średni wynik to 9 z 13
Statystyki odpowiedzi
Litera Miasto % Poprawnych
O Opole
100%
N Nysa
91%
K Kędzierzyn-Koźle
88%
B Brzeg
82%
P Prudnik
76%
S Strzelce Opolskie
73%
G Głuchołazy
64%
D Dobrodzień
58%
Z Zdzieszowice
52%
T Tułowice
48%
W Wołczyn
48%
L Lewin Brzeski
45%
U Ujazd
45%
Nie znaleziono quizów pasujących do podanych kryteriów
Rozkład punktacji
Procent ludzi z każdym wynikiem
Percentyl według liczby udzielonych odpowiedzi
Twoja historia wyników
Nie rozwiązałeś tego quizu od ostatniego zresetowania